000 02433cam a22004934i 4500
003 PE-LiUPU
005 20250731173417.0
008 150706s2010 xxu r 000 0 spa d
020 _a9780758625496
035 _a(Sirsi) i9780758625496
040 _aPE-LiUPU
_bspa
_cPE-LiUPU
_erda
049 _aPRUA
082 0 4 _a220
_bCC
_221
100 1 _aNygren, Anders,
_eautor.
245 1 3 _aLa epístola a los Romanos /
_cAnders Nygren.
264 1 _aMissouri, USA :
_bConcordia,
_c[2010].
300 _a383 páginas ;
_c24 centímetros.
336 _atext
_2rdacontent
337 _aunmediated
_2rdamedia
338 _avolume
_2rdacarrier
490 1 _aComentario Concordia
505 0 _aLa Epístola a los Romanos. "El evangelio más puro" -- Carácter general de la epístola -- La idea fundamental de la epístola: la justicia que proviene de Dios -- Los dos eones -- La línea del pensamiento de la epístola a los Romanos -- Introducción a la epístola -- La obligación de Pablo de predicar el evangelio en Roma -- Tema de la epístola -- "El justo por la fe vivirá" -- El antiguo Eón - bajo la ira de Dios -- El nuevo Eón - la justicia de Dios -- Libres de la ira de Dios -- Libres del pecado -- Libres de la ley -- Libres de la muerte -- La promesa sólo para los creyentes -- Israel rechazado por su propia culpa -- El rechazo de Israel no es definitivo -- La conducta en el nuevo Eón -- Los débiles y los fuertes -- Los planes de viaje de Pablo -- Saludos y palabras finales.
526 _aSEG42
526 _aSEG41
526 _aSEG40
526 _aSEG39
526 _aP94
526 _aP87
526 _aP86
526 _aP85
526 _aP77
526 _aP76
526 _aP35
541 _g001-0000567;
630 _aBiblia.
_pN.T.
_pRomanos
_vComentarios.
700 1 _aWitthaus, Carlos,
_etraductor.
700 1 _aMayena, Greta,
_etraductor.
910 _bjv
_clch
_d20120525
942 _2ddc
_cBOOK
949 _a220 CC 45
_wDEWEY
_c1
_i64705
_lCCODEBUL1
_mBUL
_p29.00
_r0
_sY
_tBOOK
_u2015-7-6
_xTEOLOGIA
_PP35
_o.STAFF. Colección Teología
994 _aC0
_bPEPRU
596 _a1
999 _a220 CC 45
_wDEWEY
_c53451
_i64705
_d53451
_e2017-4-11
_f2021-11-9
_g5
_lCCODEBUL1
_mBUL
_n4
_p29.00
_q2
_r0
_sY
_tBOOK
_u2015-7-6
_xTEOLOGIA
_PP35
_0COMPRA
_o.STAFF. Colección Teología
980 _81
_gALBERTO SANCHEZ Responsable de Automatización